Normal view
MARC view
- Ahmed, Dr. Zulfiquar
Entry Personal Name
001 - CONTROL NUMBER
- control field: 4077
003 - CONTROL NUMBER IDENTIFIER
- control field: OSt
005 - DATE AND TIME OF LATEST TRANSACTION
- control field: 20210322145531.0
008 - FIXED-LENGTH DATA ELEMENTS
- fixed length control field: 210322|| aca||aabn | a|a d
040 ## - CATALOGING SOURCE
- Original cataloging agency: OSt
- Transcribing agency: OSt
100 ## - HEADING--PERSONAL NAME
- Personal name: Ahmed, Dr. Zulfiquar
670 ## - SOURCE DATA FOUND
- Source citation: Work cat.: (OSt): Ahmed, Dr. Zulfiquar, Cyber Law in Bangladesh , c2009
